Teología de la Revelación / (Record no. 89909)

MARC details
000 -LEADER
campo de control de longitud fija 00525nam a2200169 i 4500
001 - NÚMERO DE CONTROL
campo de control 89909
003 - IDENTIFICADOR DE NÚMERO DE CONTROL
campo de control ES-MaACL
005 - FECHA Y HORA DE LA ÚLTIMA TRANSACCIÓN
campo de control 20230906180311.0
007 - CAMPO FIJO DE DESCRIPCIÓN FÍSICA--INFORMACIÓN GENERAL
campo de control de longitud fija t|
008 - DATOS DE LONGITUD FIJA--INFORMACIÓN GENERAL
campo de control de longitud fija 050117s1967 sp ||||1| spa d
100 1# - ENTRADA PRINCIPAL--NOMBRE DE PERSONA
Nombre de persona Latourelle, René.
9 (RLIN) 70555
245 10 - MENCIÓN DEL TÍTULO
Título Teología de la Revelación /
Mención de responsabilidad, etc. René Latourelle ; [traducción por José Luis Domínguez Villar].
260 ## - PUBLICACIÓN, DISTRIBUCIÓN, ETC.
Lugar de publicación, distribución, etc. Salamanca :
Nombre del editor, distribuidor, etc. Sígueme,
Fecha de publicación, distribución, etc. 1967.
300 ## - DESCRIPCIÓN FÍSICA
Extensión 581 p. ;
Dimensiones 22 cm.
700 1# - ENTRADA AGREGADA--NOMBRE PERSONAL
Nombre de persona Domínguez Villar, José L.
9 (RLIN) 45255
852 ## - LOCALIZACIÓN
Ubicación ES-MaACL
Número de control de estantería C-32408
Sublocalización o colección R.63116
Holdings
Estatus retirado Estado de pérdida Estado de daño No para préstamo Biblioteca de origen Biblioteca actual Ubicación en estantería Fecha de adquisición Fuente de adquisición Total de préstamos Signatura topográfica completa Código de barras Visto por última vez Precio de reemplazo Tipo de ítem Koha
        Biblioteca del Ateneo de Madrid Biblioteca del Ateneo de Madrid Depósito 2 17/01/2008     C-32408 1093893 23/02/2023 23/02/2023 Libro impreso